000 00358nam a2200145Ia 4500
008 150201s2004 xx 000 0 und d
082 _a617.6
_bB2004M
100 _aMANAGHAM
245 _aBONNEYS GYNOCOLOGICAL SURGERY
250 _a10TH
260 _bBLACKWELL SCIENCE PUB.
_aEDINBURGH
_c2004
300 _a1-309
650 _aGYNAECOLOGY
942 _2ddc
_cBK
999 _c3515
_d3515